00941nam a22002897a 4500003000500000005001700005008004100022010001100063011001100074020001500085035001100100040000900111082001500120100002700135245009300162260007300255300003000328490002100358534008300379650001600462650004700478650003300525650001900558650002600577650002700603830002100630CHAP20220329143722.0110405s1974 mx a r 00010 spa d a100855 a101827 a9682926963 a112515 cCHAP04a303.4bH221 aHarman, Robert Charles10aCambios médicos y sociales en una comunidad Maya - Tzeltalc/por Robert Charles Harman aMéxico, D.F. :bCONACULTA :bInstituto Nacional Indigenista,c1974 a232 p. :bilus., diagrama 0aPresenciasv; 27 pTít. original :tMedical and social changesin Tzeltal Mayan community, 1969.14aCuranderos.14aDesarrollo de la comunidad ruralzChiapas.14aIndios de ChiapasxMedicina.14aMedicina Maya.14aMedicina tradicional.14aSalud pública rural.0 aPresenciasv; 27